Statistiques concernant Devine le personnage disney/pixar #5

Cliquez ici pour prendre le quiz!

Statistiques générales

  • Ce quiz a été pris 371 fois
  • Le résultat moyen est 7 sur 10

Statistiques - réponses

HintIndiceRéponse% Correct
2Bonhomme de neigeOlaf
98%
8Miel, oursWinnie
96%
6Rouge, énervéColère
87%
9Caméléon, vertPascal
87%
10Garçon, voleur, singeAladdin
82%
3Cow girl, pixarJessie
78%
5Dinosaure, vert, petitArlo
67%
1Blond, Renne, trollKristoff
67%
7Voiture, princesseVaneloppe
48%
4Poulpe, pixarHank
35%

Distribution des résultats

Percentile par nombre de réponses

% des personnes avec chaque résultat

Votre développement - résultats

Vous n’avez pas pris ce quiz